BIBLIOTECA

SENCICO

Innovación en la administración y mantenimiento de software y hardware de centros de computo / (Registro nro. 4412)

Detalles MARC
000 -LEADER
fixed length control field 01016nam a22002417a 4500
003 - CONTROL NUMBER IDENTIFIER
control field PE SENCICO BE
005 - DATE AND TIME OF LATEST TRANSACTION
control field 20251020182645.0
008 - FIXED-LENGTH DATA ELEMENTS--GENERAL INFORMATION
fixed length control field 231031b |||||||| |||| 00| 0 eng d
040 ## - CATALOGING SOURCE
Original cataloging agency PE SENCICO BE
Transcribing agency PE SENCICO BE
041 ## - LANGUAGE CODE
Language code of text/sound track or separate title spa
084 ## - OTHER CLASSIFICATION NUMBER
Classification number I
-- COM
-- 2014
Item number C19
100 1# - MAIN ENTRY--PERSONAL NAME
9 (RLIN) 1744
Personal name Chang Poquioma, Fritz
Relator term autor
245 1# - TITLE STATEMENT
Title Innovación en la administración y mantenimiento de software y hardware de centros de computo /
Remainder of title Frtiz Chang Poquioma
260 ## - PUBLICATION, DISTRIBUTION, ETC.
Place of publication, distribution, etc. Lima :
Date of publication, distribution, etc. 2014
300 ## - PHYSICAL DESCRIPTION
Extent 45 h. :
Other physical details il. col. ;
Dimensions 30 cm.
502 ## - DISSERTATION NOTE
Dissertation note Monografía de Titulación.-- Servicio Nacional de Capacitación para la Industria de la Construcción. Escuela Superior Técnica. Carrera Profesional Técnica en Computación e Informática, 2014.
650 10 - SUBJECT ADDED ENTRY--TOPICAL TERM
9 (RLIN) 1745
Topical term or geographic name entry element Software
650 20 - SUBJECT ADDED ENTRY--TOPICAL TERM
9 (RLIN) 663
Topical term or geographic name entry element Desarrollo de software
650 20 - SUBJECT ADDED ENTRY--TOPICAL TERM
9 (RLIN) 1552
Topical term or geographic name entry element Computadoras
710 1# - ADDED ENTRY--CORPORATE NAME
Corporate name or jurisdiction name as entry element Servicio Nacional de Capacitación para la Industria de la Construcción.
Subordinate unit Escuela Superior Técnica
9 (RLIN) 1065
910 ## - USER-OPTION DATA (OCLC)
-- hfp
-- hfp
942 ## - ADDED ENTRY ELEMENTS (KOHA)
Koha item type Monografía de Titulación
Existencias
Fecha de la última vez que lo usaron Número de ingreso o de inventario Pago total Signatura topográfica completa Código de barras Precio efectivo desde Tipo de documento Estado perdido Estado dañado No es para préstamo Retirado Ubicación permanente Ubicación actual Fecha de adquisición
31/10/2023 I-00236   I/COM/2014/C19 BibLima23100070 31/10/2023 Monografía de Titulación         Biblioteca Central Lima Biblioteca Central Lima 31/10/2023